000 00468nam a2200169Ia 4500
008 230917s9999||||xx |||||||||||||| ||und||
020 _cRS599
040 _e247136
_aMAIN
041 _aEnglish
082 _a660.601742 K898B
100 _aKrishna, V Sree
245 0 _aBioethics and biosafety in biotechnology
260 _aNew Delhi
_bNew Age International
_c2017
300 _a135 p.
500 _a3104 14/05/2018 HBD18/7401 21/05/2018 Main Budget
942 _cBK
999 _c26654
_d26654